The journey of the one and only declaration of independence / (Record no. 3537)

MARC details
000 -LEADER
fixed length control field 01129cam a2200265 a 4500
005 - DATE AND TIME OF LATEST TRANSACTION
control field 20241216113100.0
020 ## - INTERNATIONAL STANDARD BOOK NUMBER
International Standard Book Number 9780545292818
040 ## - CATALOGING SOURCE
Original cataloging agency DLC
Transcribing agency DLC
Modifying agency DLC
Language of cataloging eng
050 00 - LIBRARY OF CONGRESS CALL NUMBER
Classification number E221.S725
082 00 - DEWEY DECIMAL CLASSIFICATION NUMBER
Classification number 973.3
100 1# - MAIN ENTRY--PERSONAL NAME
Personal name George, Judith ST
Dates associated with a name 1931-
245 14 - TITLE STATEMENT
Title The journey of the one and only declaration of independence /
Statement of responsibility, etc. Judith St. George ; illustrated by Will Hillenbrand
250 ## - EDITION STATEMENT
Edition statement First Scholastic printing, September 2010
260 ## - PUBLICATION, DISTRIBUTION, ETC.
Place of publication, distribution, etc. New York :
Name of publisher, distributor, etc. Scholastic ,
Date of publication, distribution, etc. 2005
300 ## - PHYSICAL DESCRIPTION
Extent 43 pages :
Other physical details color illustrations ;
Dimensions 24 cm .
505 ## - FORMATTED CONTENTS NOTE
Formatted contents note U <br/>
520 ## - SUMMARY, ETC.
Summary, etc. In 1776 Thomas Jefferson put his quill to paper and the Declaration of Independence sprang to life. Follow the Declaration's journey over the next two centuries, surviving eight wars and travelling through five states on horseback, boat, railcar, and tank to its current home in the National Archives.
521 ## - TARGET AUDIENCE NOTE
Target audience note 820 <br/>
Source Lexile AD <br/>
521 ## - TARGET AUDIENCE NOTE
Target audience note U <br/>
Source Raz-Plus <br/>
650 ## - SUBJECT ADDED ENTRY--TOPICAL TERM
Topical term or geographic name entry element Revolutionary War
Form subdivision Non-fiction
700 1# - ADDED ENTRY--PERSONAL NAME
Personal name Hillenbrand, Will
906 ## - LOCAL DATA ELEMENT F, LDF (RLIN)
a 7
b cbc
c orignew
d 1
e ecip
f 20
g y-gencatlg
942 ## - ADDED ENTRY ELEMENTS (KOHA)
Source of classification or shelving scheme Dewey Decimal Classification
Koha item type Books
Suppress in OPAC No
999 ## -
-- 3537
-- 3537
Holdings
Withdrawn status Lost status Source of classification or shelving scheme Damaged status Not for loan Collection Home library Current library Shelving location Date acquired Total Checkouts Full call number Barcode Date last seen Copy number Price effective from Koha item type
    Dewey Decimal Classification     Non-Fiction Footprints International School Library Network Toul Kork Campus Footprints International School Library Network Toul Kork Campus TTP Secondary Non-Fiction Bookshelves 03/18/2024   GEO 973.3 E221.S725 FISTK04878 03/18/2024 1 03/18/2024 Books
    Dewey Decimal Classification     Non-Fiction Footprints International School Library Network Toul Kork Campus Footprints International School Library Network Toul Kork Campus TTP Secondary Non-Fiction Bookshelves 03/18/2024   GEO 973.3 E221.S725 FISSE01320 12/16/2024 2 03/18/2024 Books